| 000 | 00685nam a2200217 a 4500 | ||
|---|---|---|---|
| 001 | 000034857 | ||
| 005 | 20200930073939.0 | ||
| 008 | 111020s1988 is 000 p spa d | ||
| 020 | _a965305080x | ||
| 040 |
_aDO-SdBNP _bspa _cBNPHU |
||
| 082 |
_a892.4 _bC732p |
||
| 100 | 1 |
_aComey, Arie _d1929- _960388 |
|
| 245 | 1 | 0 |
_aPrimicias tardias : _bpoemas / _cArie Comey. |
| 260 |
_aJerusalem, : _bLa semana publicaciones, _c1988. |
||
| 300 |
_a62 p. ; _c20 cm. |
||
| 590 | _aPerteneció a la biblioteca personal de Juan Isidro Jimenes Grullón | ||
| 650 | 4 |
_aPoesía israelí _960389 |
|
| 650 | 4 |
_aLiteratura israelí _960390 |
|
| 910 | _aValidado. Control de calidad MFF | ||
| 049 | _aBNGR | ||
| 999 |
_c34348 _d34348 |
||